[Event "Maplewood inv."]
[Site "Waterloo, QC CAN"]
[Date "2024.07.22"]
[Round "5.3"]
[White "Noritsyn, Nikolay"]
[Black "Stefansson, Vignir Vatnar"]
[Result "0-1"]
[WhiteElo "2450"]
[BlackElo "2500"]
[PlyCount "80"]
[GameId "2160767905866978"]
[EventDate "2024.07.20"]
[EventType "tourn"]
[EventRounds "9"]
[EventCountry "CAN"]
[EventCategory "10"]
[SourceTitle "The Week in Chess 1551"]
[Source "Mark Crowther"]
[SourceDate "2024.07.29"]
[SourceVersion "1"]
[SourceVersionDate "2024.07.29"]
[SourceQuality "2"]

1. e4 c5 2. Nf3 d6 3. d4 cxd4 4. Nxd4 Nf6 5. Nc3 Nc6 6. Bg5 e6 7. Qd2 a6 8. O-O-O Be7 9. f3 O-O 10. h4 Nxd4 11. Qxd4 b5 12. Kb1 Bb7 13. g4 Qc7 14. Qd2 Rfc8 15. Bd3 b4 16. Ne2 d5 17. e5 Ne4 18. Qe1 Bf8 19. Nd4 Bc5 20. Nb3 Nf2 21. Nxc5 Qxc5 22. Qe2 Nxd1 23. Rxd1 a5 24. h5 Ba6 25. Be3 Bxd3 26. Rxd3 Qb5 27. h6 a4 28. Qd1 Rc3 29. hxg7 Rac8 30. b3 axb3 31. axb3 Rxd3 32. Qxd3 Qxd3 33. cxd3 Rc3 34. Bd2 Rxd3 35. Kc2 Rxf3 36. Bxb4 Kxg7 37. Bd6 d4 38. b4 Rc3+ 39. Kb2 Rc4 40. Kb3 d3 0-1

[Event "Maplewood inv."]
[Site "Waterloo, QC CAN"]
[Date "2024.07.23"]
[Round "6.5"]
[White "Sambuev, Bator"]
[Black "Noritsyn, Nikolay"]
[Result "1-0"]
[WhiteElo "2448"]
[BlackElo "2450"]
[PlyCount "97"]
[GameId "2160767905866985"]
[EventDate "2024.07.20"]
[EventType "tourn"]
[EventRounds "9"]
[EventCountry "CAN"]
[EventCategory "10"]
[SourceTitle "The Week in Chess 1551"]
[Source "Mark Crowther"]
[SourceDate "2024.07.29"]
[SourceVersion "1"]
[SourceVersionDate "2024.07.29"]
[SourceQuality "2"]

1. Nf3 e6 2. g3 b5 3. e4 a6 4. Bg2 Bb7 5. Qe2 c5 6. O-O Nf6 7. e5 Nd5 8. a4 Nc6 9. Nc3 Ndb4 10. axb5 axb5 11. Rxa8 Bxa8 12. Qxb5 Nxc2 13. Qa4 N6b4 14. d4 cxd4 15. Rd1 Bc6 16. Qa7 dxc3 17. bxc3 Nd5 18. Rd2 Nxc3 19. Rxc2 Nb5 20. Qa4 Be7 21. Qg4 Kf8 22. Nd4 h5 23. Nxc6 dxc6 24. Qe4 Nd4 25. Rd2 c5 26. Ra2 Qe8 27. Ra8 Bd8 28. Ba3 Kg8 29. Bxc5 Nf5 30. Bb6 Kh7 31. Rxd8 Qb5 32. Rxh8+ Kxh8 33. Be3 g6 34. h3 Kg7 35. Qf4 Qe2 36. Be4 Nxe3 37. Qxe3 Qb2 38. Qf4 Qb3 39. Qf6+ Kg8 40. Bxg6 fxg6 41. Qxg6+ Kf8 42. Qxh5 Qb1+ 43. Kg2 Kg8 44. Qe8+ Kh7 45. Qxe6 Qe4+ 46. Kh2 Qd4 47. Qf7+ Kh8 48. Qf8+ Kh7 49. e6 1-0

[Event "Maplewood inv."]
[Site "Waterloo, QC CAN"]
[Date "2024.07.24"]
[Round "8.5"]
[White "Noritsyn, Nikolay"]
[Black "Gutierrez, Renzo"]
[Result "1-0"]
[WhiteElo "2450"]
[BlackElo "2198"]
[PlyCount "105"]
[GameId "2160767905866995"]
[EventDate "2024.07.20"]
[EventType "tourn"]
[EventRounds "9"]
[EventCountry "CAN"]
[EventCategory "10"]
[SourceTitle "The Week in Chess 1551"]
[Source "Mark Crowther"]
[SourceDate "2024.07.29"]
[SourceVersion "1"]
[SourceVersionDate "2024.07.29"]
[SourceQuality "2"]

1. e4 e5 2. Nf3 Nc6 3. Bb5 a6 4. Ba4 d6 5. O-O Bd7 6. c3 g6 7. d4 Bg7 8. Re1 Nf6 9. h3 O-O 10. Bc2 Re8 11. Nbd2 a5 12. Nf1 a4 13. Ng3 b5 14. Bd2 Na5 15. b3 axb3 16. axb3 c6 17. Be3 Qc7 18. Qd2 Nb7 19. b4 Be6 20. Bd3 Nd7 21. Ng5 Bc4 22. Bxc4 bxc4 23. f4 exd4 24. Bxd4 Bxd4+ 25. Qxd4 Qb6 26. Nf3 c5 27. bxc5 Qxc5 28. Rab1 Na5 29. Rb4 Reb8 30. Reb1 Nc6 31. Qxc5 Nxc5 32. Rxb8+ Rxb8 33. Rxb8+ Nxb8 34. Nd2 h5 35. Kf2 Nc6 36. Ke3 Na5 37. Ne2 Kf8 38. Nd4 Na4 39. Nb5 Ke7 40. Nf3 Kd7 41. Ng5 Ke7 42. Kd4 Nb6 43. Nc7 Nb3+ 44. Ke3 Na4 45. Nd5+ Ke8 46. f5 Na5 47. f6 Nc6 48. Nc7+ Kf8 49. Nb5 Nb8 50. Kd4 Nd7 51. Nxd6 Nxf6 52. Ndxf7 Nb2 53. Ne5 1-0

[Event "Maplewood inv."]
[Site "Waterloo, QC CAN"]
[Date "2024.07.25"]
[Round "9.3"]
[White "Rodrigue-Lemieux, Shawn"]
[Black "Noritsyn, Nikolay"]
[Result "1/2-1/2"]
[WhiteElo "2499"]
[BlackElo "2450"]
[PlyCount "94"]
[GameId "2160767905866998"]
[EventDate "2024.07.20"]
[EventType "tourn"]
[EventRounds "9"]
[EventCountry "CAN"]
[EventCategory "10"]
[SourceTitle "The Week in Chess 1551"]
[Source "Mark Crowther"]
[SourceDate "2024.07.29"]
[SourceVersion "1"]
[SourceVersionDate "2024.07.29"]
[SourceQuality "2"]

1. e4 e6 2. d4 d5 3. Nd2 c5 4. exd5 Qxd5 5. Ngf3 cxd4 6. g3 Nf6 7. Bg2 Be7 8. O-O Qd8 9. Nb3 d3 10. c3 Nc6 11. Ne1 a5 12. Nxd3 O-O 13. Qe2 a4 14. Nbc5 Qa5 15. Ne4 a3 16. Rb1 axb2 17. Bxb2 Rd8 18. Nb4 Qc7 19. Nxf6+ Bxf6 20. Qc4 Bd7 21. Rfd1 Rdc8 22. Bc1 Be8 23. Bf4 Qa5 24. Nxc6 bxc6 25. Rd2 Qxc3 26. Rc1 Qa3 27. Rdc2 h6 28. Qe2 Qa4 29. h4 Ra5 30. Bd2 Re5 31. Qc4 Qa7 32. Be4 Rd8 33. Be3 Qa5 34. Bf4 Rb5 35. Bc7 Qxc7 36. Qxb5 Bd4 37. Kg2 c5 38. Qe2 g6 39. Bf3 Rb8 40. Qd2 Bc6 41. Qd3 Qb6 42. Bxc6 Qxc6+ 43. Qf3 Qa4 44. Qf4 Qa8+ 45. Qf3 Qa4 46. Qf4 Qa8+ 47. Qf3 Qa4 1/2-1/2

[Event "Candidates Rapid"]
[Site "Toronto CAN"]
[Date "2024.04.16"]
[Round "1.4"]
[White "Noritsyn, Nikolay"]
[Black "Ali, Shafkat"]
[Result "1-0"]
[WhiteElo "2440"]
[BlackElo "1652"]
[PlyCount "71"]
[GameId "2160767905997757"]
[EventDate "2024.04.16"]
[EventType "swiss (rapid)"]
[EventRounds "6"]
[EventCountry "CAN"]
[SourceTitle "The Week in Chess 1569"]
[Source "Mark Crowther"]
[SourceDate "2024.12.02"]
[SourceVersion "1"]
[SourceVersionDate "2024.12.02"]
[SourceQuality "2"]

1. e4 e5 2. Nf3 Nc6 3. Bb5 a6 4. Ba4 Nf6 5. d3 b5 6. Bb3 d6 7. c3 Be7 8. O-O O-O 9. Re1 Na5 10. Bc2 c5 11. Bg5 Bd7 12. Nbd2 Qc7 13. Nf1 c4 14. d4 Rfe8 15. Ne3 Rab8 16. dxe5 dxe5 17. Bxf6 Bxf6 18. Nd5 Qb7 19. Nxf6+ gxf6 20. Nh4 Kh8 21. Qf3 Qc6 22. b4 cxb3 23. axb3 Nb7 24. b4 Rg8 25. h3 Nd8 26. Bb3 Rc8 27. Re3 Rg5 28. Rd1 f5 29. exf5 Qxf3 30. Nxf3 Rxf5 31. Rxd7 Ne6 32. Bxe6 fxe6 33. Nxe5 Rcf8 34. f3 R5f6 35. Ra7 Rh6 36. Nf7+ 1-0

[Event "Candidates Rapid"]
[Site "Toronto CAN"]
[Date "2024.04.16"]
[Round "2.4"]
[White "Hay, Jonathan"]
[Black "Noritsyn, Nikolay"]
[Result "0-1"]
[WhiteElo "1890"]
[BlackElo "2440"]
[PlyCount "90"]
[GameId "2160767905997763"]
[EventDate "2024.04.16"]
[EventType "swiss (rapid)"]
[EventRounds "6"]
[EventCountry "CAN"]
[SourceTitle "The Week in Chess 1569"]
[Source "Mark Crowther"]
[SourceDate "2024.12.02"]
[SourceVersion "1"]
[SourceVersionDate "2024.12.02"]
[SourceQuality "2"]

1. d4 e6 2. Bf4 Nf6 3. e3 c5 4. Nf3 cxd4 5. exd4 b6 6. Nbd2 Be7 7. h3 O-O 8. Bd3 Ba6 9. Bxa6 Nxa6 10. O-O Nc7 11. a4 a6 12. Ne5 Ncd5 13. Bg3 Qc8 14. Nd3 b5 15. c3 Qb7 16. Nc5 Qc6 17. Nd3 Nb6 18. a5 Nc4 19. Nxc4 bxc4 20. Ne5 Qd5 21. Qa4 Rfc8 22. Bh4 Ra7 23. Rfe1 Rb7 24. Re2 Rcc7 25. Rae1 Qb5 26. Qa2 d6 27. Ng4 Nxg4 28. Bxe7 Rxe7 29. hxg4 Rec7 30. Qa3 Qd5 31. f3 Rb5 32. Ra1 h6 33. Kf2 Rcb7 34. g3 Rb8 35. Kg2 Rb3 36. Qa2 Qg5 37. Rae1 Qg6 38. Kf2 R8b5 39. Qa4 Qd3 40. Qa2 h5 41. gxh5 Rxh5 42. Kg2 Qh7 43. Kf2 Rh2+ 44. Ke3 Qd3+ 45. Kf4 Rxe2 0-1

[Event "Candidates Rapid"]
[Site "Toronto CAN"]
[Date "2024.04.16"]
[Round "5.1"]
[White "Noritsyn, Nikolay"]
[Black "Mamedyarov, Shakhriyar"]
[Result "0-1"]
[WhiteElo "2440"]
[BlackElo "2738"]
[PlyCount "100"]
[GameId "2160767905997774"]
[EventDate "2024.04.16"]
[EventType "swiss (rapid)"]
[EventRounds "6"]
[EventCountry "CAN"]
[SourceTitle "The Week in Chess 1569"]
[Source "Mark Crowther"]
[SourceDate "2024.12.02"]
[SourceVersion "1"]
[SourceVersionDate "2024.12.02"]
[SourceQuality "2"]

1. e4 d5 2. exd5 Qxd5 3. Nc3 Qa5 4. g3 Nf6 5. Bg2 e5 6. Nge2 Bb4 7. h3 O-O 8. O-O Nc6 9. d3 h6 10. a3 Bxc3 11. Nxc3 Nd4 12. Re1 Re8 13. b4 Qb6 14. Na4 Qd6 15. Nc5 c6 16. Bb2 a5 17. Rb1 axb4 18. axb4 Rd8 19. g4 Nd5 20. c3 Ne6 21. Nxe6 Bxe6 22. c4 Nxb4 23. Bxe5 Qxd3 24. Qc1 c5 25. Re3 Qxc4 26. Qxc4 Bxc4 27. Bxb7 Ra7 28. Bg2 Bd3 29. Rb2 Bg6 30. Bc3 Nd3 31. Rb6 Nf4 32. Be5 Nd3 33. Bb8 Ra1+ 34. Kh2 Nxf2 35. Bc7 Rc8 36. Be5 Ra7 37. Bg3 Nd1 38. Re1 Nc3 39. Be5 Na4 40. Rc6 Rxc6 41. Bxc6 Nb6 42. h4 Re7 43. h5 Bd3 44. Kg3 c4 45. Kf4 c3 46. Bxc3 Rc7 47. Re8+ Kh7 48. Ke3 Bb1 49. Bd4 Rxc6 50. Rb8 Nd5+ 0-1

[Event "Candidates Rapid"]
[Site "Toronto CAN"]
[Date "2024.04.16"]
[Round "6.2"]
[White "Atanasov, Anthony"]
[Black "Noritsyn, Nikolay"]
[Result "0-1"]
[WhiteElo "2415"]
[BlackElo "2440"]
[PlyCount "78"]
[GameId "2160767905997782"]
[EventDate "2024.04.16"]
[EventType "swiss (rapid)"]
[EventRounds "6"]
[EventCountry "CAN"]
[SourceTitle "The Week in Chess 1569"]
[Source "Mark Crowther"]
[SourceDate "2024.12.02"]
[SourceVersion "1"]
[SourceVersionDate "2024.12.02"]
[SourceQuality "2"]

1. e4 d6 2. d4 Nf6 3. Nc3 Nc6 4. d5 Nb8 5. Nf3 g6 6. Be2 Bg7 7. Be3 c6 8. dxc6 Nxc6 9. Nd4 O-O 10. O-O Bd7 11. f4 Nxd4 12. Bxd4 Bc6 13. Bd3 Nd7 14. Be3 Qa5 15. Qe1 Rfc8 16. Rb1 a6 17. b4 Qd8 18. Ne2 b5 19. Nd4 Bb7 20. a4 bxa4 21. c4 e5 22. Nf3 exf4 23. Bxf4 Qe7 24. Qf2 a5 25. c5 dxc5 26. bxa5 Ba6 27. Bxa6 Rxa6 28. Rb7 Qxe4 29. Rxd7 Qxf4 30. Qe2 Re6 31. Qb5 Qe3+ 32. Kh1 Qe2 33. Qb1 Rf8 34. Re1 Qb2 35. Qd1 Rxe1+ 36. Qxe1 a3 37. Rd2 Qb3 38. Qe2 Bb2 39. Ng1 c4 0-1

[Event "Hart House Holidays op"]
[Site "Toronto CAN"]
[Date "2015.12.19"]
[Round "2"]
[White "Noritsyn, Nikolay"]
[Black "Plotkin, Victor"]
[Result "1-0"]
[WhiteElo "2578"]
[BlackElo "2427"]
[PlyCount "115"]
[GameId "2160767908790599"]
[EventDate "2015.12.18"]
[EventType "swiss"]
[EventRounds "5"]
[EventCountry "CAN"]
[SourceTitle "EXT 2019"]
[Source "ChessBase"]
[SourceDate "2018.10.10"]
[SourceVersion "1"]
[SourceVersionDate "2018.10.10"]
[SourceQuality "1"]

1. d4 d5 2. c4 dxc4 3. e3 Nf6 4. Bxc4 e6 5. Nf3 c5 6. O-O Nc6 7. Qe2 a6 8. Rd1 Qc7 9. Nc3 Be7 10. dxc5 Bxc5 11. a3 b5 12. b4 Bb6 13. Bd3 O-O 14. Bb2 Bb7 15. Ne4 Nxe4 16. Bxe4 f5 17. Bc2 Qe7 18. Bb3 Kh8 19. h4 e5 20. Rd5 Rad8 21. Rad1 Nd4 22. Bxd4 exd4 23. Rxd8 Rxd8 24. Ng5 Bd5 25. Bxd5 Rxd5 26. Qf3 Rd7 27. Qxf5 g6 28. Qf4 Bc7 29. Qg4 d3 30. Ne6 Rd5 31. Nd4 a5 32. Qf3 Rd8 33. bxa5 Rf8 34. Qg4 Qf7 35. Nf3 Qc4 36. Qd4+ Kg8 37. Qxd3 Bxa5 38. Qd5+ Kg7 39. Qe5+ Kg8 40. h5 Bc7 41. Qd5+ Qxd5 42. Rxd5 Ra8 43. Rxb5 Rxa3 44. g3 Kg7 45. Kg2 Kh6 46. hxg6 hxg6 47. Nd4 Ra7 48. Ne6 Bd6 49. Rb6 Rd7 50. f4 Kh7 51. Kf3 Be7 52. Rb5 Ra7 53. g4 Kg8 54. g5 Kf7 55. Nc5 Ke8 56. Nd3 Ra6 57. Ne5 Ba3 58. Rb8+ 1-0

[Event "CAN-ch"]
[Site "Guelph CAN"]
[Date "2015.07.15"]
[Round "8"]
[White "Sambuev, Bator"]
[Black "Noritsyn, Nikolay"]
[Result "0-1"]
[WhiteElo "2532"]
[BlackElo "2454"]
[PlyCount "80"]
[GameId "2160767908879241"]
[EventDate "2015.07.10"]
[EventType "swiss"]
[EventRounds "9"]
[EventCountry "CAN"]
[SourceTitle "CBM 167 Extra"]
[Source "ChessBase"]
[SourceDate "2015.09.14"]
[SourceVersion "1"]
[SourceVersionDate "2015.09.14"]
[SourceQuality "1"]

1. e4 c5 2. Nf3 d6 3. d4 cxd4 4. Nxd4 Nf6 5. Nc3 a6 6. Bc4 e6 7. Bb3 Nc6 8. f4 Be7 9. Be3 Qc7 10. Qf3 Na5 11. O-O-O b5 12. a3 Nxb3+ 13. Nxb3 Bb7 14. f5 O-O 15. Kb1 Rac8 16. Rd2 d5 17. fxe6 dxe4 18. Qf5 b4 19. axb4 Bxb4 20. Bd4 Qe7 21. exf7+ Rxf7 22. Qh3 a5 23. Rhd1 a4 24. Bxf6 Qxf6 25. Nd5 Bxd5 26. Rxd5 Re8 27. Nd4 e3 28. c3 Bf8 29. Re1 a3 30. bxa3 Qf2 31. Re2 Qg1+ 32. Kc2 Rf1 33. Qd7 Ra1 34. Kd3 Qd1+ 35. Kc4 Re4 36. Rb2 Qf1+ 37. Kb3 Rxa3+ 38. Kc2 e2 39. Nb5 e1=N+ 40. Kb1 Nd3+ 0-1